La constituciòn de 1991 y la modernizaciòn del estado colombiano / (Record no. 63579)

MARC details
000 -LEADER
campo de control de longitud fija 00911nam a2200193 4500
001 - NÚMERO DE CONTROL
campo de control 10262
005 - FECHA Y HORA DE LA ÚLTIMA TRANSACCIÓN
campo de control 20230410123537.0
008 - DATOS DE LONGITUD FIJA--INFORMACIÓN GENERAL
campo de control de longitud fija 060907n1993 dr spa
020 ## - NÚMERO INTERNACIONAL ESTÁNDAR DEL LIBRO
Número Internacional Estándar del Libro 9586161900
035 ## - NÚMERO DE CONTROL DEL SISTEMA
-- funglode10343
041 ## - CÓDIGO DE IDIOMA
Código de lengua del texto/banda sonora o título independiente ES
050 14 - SIGNATURA TOPOGRÁFICA DE LA BIBLIOTECA DEL CONGRESO
Número de clasificación KHH 2914 T124c 1993
100 ## - ENTRADA PRINCIPAL--NOMBRE DE PERSONA
Nombre de persona Tafur Galvis, ¸lvaro
245 13 - MENCIÓN DEL TÍTULO
Título La constituciòn de 1991 y la modernizaciòn del estado colombiano /
Mención de responsabilidad, etc. ¸lvaro Tafur Galvis
260 ## - PUBLICACIÓN, DISTRIBUCIÓN, ETC.
Lugar de publicación, distribución, etc. Bogotà :
Nombre del editor, distribuidor, etc. Grupo ed, 87,
Fecha de publicación, distribución, etc. 1993
300 ## - DESCRIPCIÓN FÍSICA
Extensión 235 p.
500 ## - NOTA GENERAL
Nota general La Participación La Colaboración Convencional Las Empresas Públicas La Privatización
942 ## - ELEMENTOS DE ENTRADA SECUNDARIOS (KOHA)
Fuente del sistema de clasificación o colocación Clasificación de Library of Congress
Tipo de ítem Koha
Holdings
Estatus retirado Estado de pérdida Fuente del sistema de clasificación o colocación Estado de daño No para préstamo Colección Biblioteca de origen Biblioteca actual Ubicación en estantería Fecha de adquisición Serial enumeration / chronology Signatura topográfica completa Código de barras Visto por última vez Tipo de ítem Koha
    Clasificación de Library of Congress     Ciencias Sociales Biblioteca Juan Bosch Biblioteca Juan Bosch Ciencias Sociales (3er. Piso) 24/10/2018 1 KHH 2914 T124c 1993 00000016406 24/10/2018